000
00231nam a22000857a 4500
008
161015b xxu||||| |||| 00| 0 eng d
100
_9
862
_a
Parent.N.
245
_a
Oodles of Poodles: Jo.Jo's Circus Train
260
_a
China
_b
Paradise
_c
1998
999
_c
3515
_d
3515